=LDR 00000nam 2200000 4500 =001 INLIS000000000035829 =005 20130612141645 =008 ***********************************Ind** =035 ##$$0010-061300000035829 =041 ##$$a Ind =082 ##$$a 478.p =100 ##$$a Yayasan Bung Tomo =245 ##$$a Bung Tomo, Vokalis DPR 1956-1959(sebuah Dokument sejarah) =260 ##$$a 1998 $b Jakarta =300 ##$$a 240 hlm, ilus, 23 cm =650 ##$$a sejarah =850 ##$$a NBPNMAT